Čím si procházíš /

Čím si procházíš? Tato otázka se objevuje průběžně v celé knize a odpovědí na ni je hluboce lidský příběh o přátelství, empatii a smíření s konečností člověka.

Uloženo v:
Hlavní autor: Nunez, Sigrid, 1951- (Autor)
Další autoři: Klabanová, Kateřina, 1973- (Autor)
Médium: Kniha
Jazyk:Czech
Vydáno: Praha : Prostor, 2026
Vydání:V českém jazyce vydání první
Edice:Současná světová próza (Prostor)
Témata:
Celkem bylo vypůjčeno:1x
Tagy:
Žádné tagy
LEADER 02651nam a2200457 i 4500
001 106310
003 CZ PrNK
005 20260512142455.0
007 ta
008 260506s2026 xr g 000 f cze
015 |a cnb003755913 
020 |a 9788072606641  |q (brožováno) 
040 |a ABG001  |b cze  |e rda 
041 1 |a cze  |h eng 
072 7 |a 821.111(73)-3  |x Americká próza  |2 Konspekt  |9 25 
080 |a 821.111(73)-31  |2 MRF 
080 |a (0:82-311.1)  |2 MRF 
100 1 |a Nunez, Sigrid,  |d 1951-  |7 xx0243265  |4 aut  |9 117338 
240 1 0 |a What are you going through.  |l Česky 
245 1 0 |a Čím si procházíš /  |c Sigrid Nunez ; přeložila Kateřina Klabanová 
250 |a V českém jazyce vydání první 
264 1 |a Praha :  |b Prostor,  |c 2026 
300 |a 254 stran ;  |c 20 cm 
336 |a text  |b txt  |2 rdacontent 
337 |a bez média  |b n  |2 rdamedia 
338 |a svazek  |b nc  |2 rdacarrier 
490 1 |a Současná světová próza  |v 44. svazek 
500 |a Přeloženo z angličtiny 
500 |a V tiráži uveden rok vydání 2025 
520 2 |a Čím si procházíš? Tato otázka se objevuje průběžně v celé knize a odpovědí na ni je hluboce lidský příběh o přátelství, empatii a smíření s konečností člověka.  |b Vypravěčka, spisovatelka středního věku, se po letech znovu setkává s přítelkyní novinářkou, s níž kdysi pracovala v redakci časopisu a která čelí nevyléčitelné nemoci. Na její žádost se rozhodne být jí nablízku během posledních dní. Z tohoto rámce se postupně odvíjí mozaika setkání a rozhovorů s lidmi, kteří po svém hledají způsob, jak porozumět světu a sobě samým. Nunez předkládá téměř filozofický dialog a vyzdvihuje absurditu světa, který neumožňuje trpícím, aby dobrovolně opustili přelidněnou planetu, i alibismus lidstva systematicky směřujícího k utrpení a zkáze. Kniha se dočkala mnohých ocenění a stala se také předlohou filmu španělského režiséra Pedra Almodóvara Vedlejší pokoj. Nakladatelská anotace. Kráceno. 
655 7 |a americké romány  |7 fd131796  |2 czenas  |9 53403 
655 7 |a psychologické romány  |7 fd278579  |2 czenas  |9 109 
655 9 |a American fiction  |2 eczenas 
655 9 |a psychological novels  |2 eczenas 
700 1 |a Klabanová, Kateřina,  |d 1973-  |7 xx0159136  |4 trl  |9 111265 
710 2 |a Prostor (nakladatelství)  |7 ko2003174546  |4 pbl  |9 117299 
830 0 |a Současná světová próza (Prostor) 
910 |a UOG502 
942 |2 ddc  |c KN 
999 |d 106310 
993 |0 0  |1 421180107031  |2 ddc  |4 0  |7 0  |9 99683  |b 0  |c 107031  |d 2026-05-12  |e 0  |f DOSP  |h 397.00  |i Koupě  |l DOSP  |r 2026-05-13  |t 6  |w 2026-05-12  |y KN  |z BELET  |n